মার্কিন সাম্রাজ্যবাদ ও রক্তাক্ত আফগান : (Record no. 36769)
[ view plain ]
| 000 -LEADER | |
|---|---|
| fixed length control field | 01255nam a2200229 a 4500 |
| 001 - CONTROL NUMBER | |
| control field | 36769 |
| 003 - CONTROL NUMBER IDENTIFIER | |
| rucl marc code | BD-RjUL |
| 005 - DATE AND TIME OF LATEST TRANSACTION | |
| control field | 20211209052534.0 |
| 008 - FIXED-LENGTH DATA ELEMENTS--GENERAL INFORMATION | |
| fixed length control field | 140901s2002 bg a|||e |||| 000 0 ben d |
| 020 ## - INTERNATIONAL STANDARD BOOK NUMBER | |
| Terms of availability | TK.350.00 |
| 035 ## - SYSTEM CONTROL NUMBER | |
| System control number | (BD-RjUL)36871 |
| 040 ## - CATALOGING SOURCE | |
| Original cataloging agency | BD-RjUL |
| Language of cataloging | ben |
| Transcribing agency | BD-RjUL |
| 041 ## - LANGUAGE CODE | |
| Language code of text/sound track or separate title | ben |
| 082 ## - DEWEY DECIMAL CLASSIFICATION NUMBER | |
| Classification number | B 958.1047 |
| Author mark and year | MAR 2002 |
| Edition number | 23 |
| 245 ## - TITLE STATEMENT | |
| Title | মার্কিন সাম্রাজ্যবাদ ও রক্তাক্ত আফগান : |
| Statement of responsibility, etc. | সম্পাদনায় মাসুদ মজুমদার |
| Remainder of title | ১১ সেপ্টেম্বর,০১থেকে তালেবান সরকার পতন পর্যন্ত পূর্বাপর ঘটনার বিশ্লেষণধর্মী প্রবন্ধ-নিবন্ধ সংকলন / |
| 260 ## - PUBLICATION, DISTRIBUTION, ETC. (IMPRINT) | |
| Place of publication, distribution, etc. | ঢাকা : |
| Name of publisher, distributor, etc. | মুহাম্মদ আমিনুর রহমান, |
| Date of publication, distribution, etc. | ২০০২. |
| 300 ## - PHYSICAL DESCRIPTION | |
| Pagination | ৮০৮ পৃ. : |
| Illustrations | চিত্র ; |
| Size | ২২ সেমি. |
| 650 ## - SUBJECT ADDED ENTRY--TOPICAL TERM | |
| Topical term or geographic name as entry element | আগ্রাসন |
| Chronological subdivision | ২১ শতক |
| 9 (RLIN) | 112165 |
| Geographic subdivision | আফগানিস্থান |
| Topical term or geographic name as entry element | Insurgency |
| Chronological subdivision | 21st century |
| 9 (RLIN) | 112166 |
| Geographic subdivision | Afghanistan |
| 700 ## - ADDED ENTRY--PERSONAL NAME | |
| Personal name | মজুমদার, মাসুদ, সম্পাদক |
| 942 ## - ADDED ENTRY ELEMENTS (KOHA) | |
| Source of classification or shelving scheme | Dewey Decimal Classification |
| Koha item type | Books |
| Lost status | Source of classification or shelving scheme | Damaged status | Not for loan | Collection code | Permanent Location | Current Location | Shelving location | Date acquired | Source of acquisition | Cost, normal purchase price | Total Checkouts | Full call number | Date last seen | Date checked out | Copy number | Koha item type |
|---|---|---|---|---|---|---|---|---|---|---|---|---|---|---|---|---|
| Dewey Decimal Classification | Non-fiction | Central Library, University of Rajshahi | Central Library, University of Rajshahi | 18/08/2003 | Editor | 350.00 | 2 | B 958.1047 MAR 2002 | 02/02/2017 | 11/12/2016 | C-2 | Books | ||||
| Dewey Decimal Classification | Not For Loan | Non-fiction | Central Library, University of Rajshahi | Central Library, University of Rajshahi | Reading Room | 18/08/2003 | Editor | 350.00 | B 958.1047 MAR 2002 | 10/01/2024 | C-1 | Books |